Statistics for SAARC Countries - Map Quiz

Click here to take the quiz!

General Stats

  • This quiz has been taken 194 times
  • The average score is 7 of 8

Answers on the Map

Answers color-coded by a green-red scale on the quiz's map according to % correct below.
 

Answer Stats

Answer% Correct
India
91%
Bangladesh
87%
Afghanistan
86%
Nepal
84%
Sri Lanka
84%
Pakistan
83%
Bhutan
81%
Maldives
78%

Score Distribution

Percentile by Number Answered

Percent of People with Each Score

Your Score History

You have not taken this quiz